000 00571nam a2200205Ia 4500
003 OSt
005 20240805165449.0
008 210210b1950 xxu||||| |||| 00| 0 eng d
040 _cAL
041 _aKannada
082 _a851/331
100 _aMANOHARARAYA (Dhe Pa)
_dಮನೋಹರರಾಯ (ಧೆ ಪಾ)
_9175260
245 _aBhakti sumananjali
_bಭಕ್ತಿ ಸುಮನಂಜಲಿ
260 _aAthani
_b-
_c1950
650 _asumananjali
_9175261
650 _aBhakti
_9175262
690 _aKannada Poetry
_9175263
906 _a018349
942 _2ddc
_cBK
999 _c141466
_d141466